Statystyki dla Współczesne terytoria zależne

Kliknij tutaj aby rozwiązać quiz!

Ogólne statystyki

  • Ten quiz został rozwiązany 49 razy
    (31 od ostatniego zresetowania)
  • Średni wynik to 8 z 18

Statystyki odpowiedzi

PaństwoTerytorium zależne% Poprawnych
Wielka BrytaniaBrytyjskie Wyspy Dziewicze
65%
Stany ZjednoczoneWyspy Dziewicze Stanów Zjednoczonych
65%
Stany ZjednoczoneSamoa Amerykańskie
57%
Wielka BrytaniaAnguilla
52%
Wielka BrytaniaGibraltar
52%
Wielka BrytaniaKajmany
52%
FrancjaMartynika
52%
Wielka BrytaniaFalklandy
48%
MarokoSahara Zachodnia
48%
Wielka BrytaniaBermudy
43%
Stany ZjednoczoneGuam
43%
FrancjaGwadelupa
39%
FrancjaNowa Kaledonia
39%
Nowa ZelandiaTokelau
39%
Wielka BrytaniaTurks i Caicos
39%
Wielka BrytaniaPitcairn
30%
Wielka BrytaniaMontserrat
17%
Wielka BrytaniaWyspa Świętej Heleny
13%

Rozkład punktacji

Percentyl według liczby udzielonych odpowiedzi

Procent ludzi z każdym wynikiem

Twoja historia wyników

Nie rozwiązałeś tego quizu od ostatniego zresetowania